Situa : (Record no. 22064)

000 -CABECERA
fixed length control field 02347nam a22002897a 4500
003 - IDENTIFICADOR DEL NÚMERO DE CONTROL
control field AR-CdUCM
008 - DATOS DE LONGITUD FIJA--INFORMACIÓN GENERAL
fixed length control field 190425b ||||| |||| 00| 0 spa d
040 ## - FUENTE DE LA CATALOGACIÓN
Agencia/entidad que catalogó originalmente la obra MUNICIPALIDAD PROVINCIAL DEL CUSCO
Entidad que transcribió la catalogación BIBLIOTECA MUNICIPAL DEL CUSCO
082 ## - NÚMERO DE LA CLASIFICACIÓN DECIMAL DEWEY
No. de Clasificación Situa/N°3/1994
245 ## - MENCIÓN DE TÍTULO
Título Situa :
Resto del título Revista semestral de la Facultad de Medicina Humana /
Mención de responsabilidad Facultad de Medicina Humana, Universidad Nacional de San Antonio Abad del Cusco
260 ## - PUBLICACIÓN, DISTRIBUCIÓN, ETC.
Lugar de publicación, distribución, etc. Cusco :
Nombre de la editorial, distribuidor, etc. [UNSAAC],
Fecha de publicación, distribución, etc. 1994.
300 ## - DESCRIPCIÓN FÍSICA
Nº de Páginas Extensión 63 páginas. :
Dimensiones 31 cm.
440 ## - MENCIÓN DE SERIE/PUNTO DE ACCESO ADICIONAL--TÍTULO
Título Situa revista semestral de la Facultad de Medicina Humana.
Número de la parte/sección de una obra Año,2, N°3,setiembre 1993 - febrero 1994.
9 (RLIN) 47328
505 ## - NOTA DE CONTENIDO CON FORMATO
Nota de contenido formateada Contenido: Fiesta del Situa, Fiesta de la salud. Víctor Angles Vargas. -- Mensaje al Hospital Regional del Cusco en su XXX Aniversario. Muñiz Caparo, Jorge. -- Hospital Regional del Cusco 30 años de servicio ala comunidad. Farfán Cantero, Ramiro -- Acción de las micotoxinas producidas por aspergillus suphureus sobre células de cryptococcus neoformans. Vidotto, Valerio. -- Requisitos mínimos para la creación y funcionamiento de facultades de medicina. Paredes Manrique. -- Investigación integral de bocconia pearcei hutchinson. Bloga Urrunaga Soria, Rosa. -- Enfermedad cerebro-vascular factores de riesgo en los adultos nativos de la altura. García Matheus, Julio Cesar. -- Estudio epidemiológico sobre factores de riesgo de la población extranjera migrante para portar el VIH (SIDA). Contreras campana, Camilo. -- Principales causas de mortalidad neonatal en los hospitales Antonio Lorena, Regional, IPPS-Cusco. Flores Eyzaguirre, Rafael. -- Investigación. Gutiérrez Zambrano, Tomas. -- Ejercicio de la medicina y sus normas éticas. Diaz Díaz, Leoncio. -- Homenaje a la medicina peruana por el Consejo Regional VI-Cusco Colegio Medico del Perú. Tupayachi Mogollon, Walter. -- Declaración de Ginebra.
650 ## - PUNTO DE ACCESO ADICIONAL DE MATERIA--TÉRMINO DE MATERIA
Descriptor Medicina humana
9 (RLIN) 47329
650 ## - PUNTO DE ACCESO ADICIONAL DE MATERIA--TÉRMINO DE MATERIA
Descriptor Salud pública
9 (RLIN) 6404
650 ## - PUNTO DE ACCESO ADICIONAL DE MATERIA--TÉRMINO DE MATERIA
Descriptor Hospitales
9 (RLIN) 47330
650 ## - PUNTO DE ACCESO ADICIONAL DE MATERIA--TÉRMINO DE MATERIA
Descriptor Centros de Salud
9 (RLIN) 32510
700 ## - PUNTO DE ACCESO ADICIONAL--NOMBRE DE PERSONA
Nombre Personal Angles Vargas, Víctor
9 (RLIN) 47331
700 ## - PUNTO DE ACCESO ADICIONAL--NOMBRE DE PERSONA
Nombre Personal Muñiz Caparo, Jorge
9 (RLIN) 47332
700 ## - PUNTO DE ACCESO ADICIONAL--NOMBRE DE PERSONA
Nombre Personal Farfán Cantero, Ramiro
9 (RLIN) 47333
700 ## - PUNTO DE ACCESO ADICIONAL--NOMBRE DE PERSONA
Nombre Personal Eguchi, Armando
9 (RLIN) 47334
710 ## - PUNTO DE ACCESO ADICIONAL--NOMBRE DE ENTIDAD CORPORATIVA
Nombre corporativo (En letras Mayúsculas) Facultad de Medicina Humana
9 (RLIN) 47335
710 ## - PUNTO DE ACCESO ADICIONAL--NOMBRE DE ENTIDAD CORPORATIVA
Nombre corporativo (En letras Mayúsculas) Universidad Nacional de San Antonio Abad del Cusco
9 (RLIN) 15942
942 ## - ELEMENTOS DE PUNTO DE ACCESO ADICIONAL (KOHA)
Fuente de clasificación
Tipo de item Revistas cusqueñas
945 ## - PROCESAMIENTO DE INFORMACIÓN LOCAL (OCLC)
Catalogador rac
Holdings
Estado de retiro (separado) Fuente de clasificación o esquema de estanterías Estado dañado Ubicación Sala donde se ubica Nombre de la colección Fecha de adquisición o compra Costo, precio normal en soles Signatura topográfica Código de Barras Última vez visto (Koha) Tipo de ítem (Koha)
No     Sala Hemeroteca Sala Hemeroteca Book Cart 2022-03-01 5.00 Situa/N°3/1994 REVC000720 2022-03-01 Revistas cusqueñas

Powered by Koha